000 00723nam a2200253Ia 4500
003 OSt
005 20221006151511.0
006 a|||||r|||| 00| 0
007 ta
008 221006b |||||||| |||| 00| 0 jpn d
024 _a22,356
037 _bGift, Japan Foundation
_cTextual
040 _aEASL
_cEASL
_bjpn
041 _2jpn
_ajpn
082 _ak42, N1
100 _aSASAKI Takeshi etc. Ed.
_9659370
245 0 _aEncyclopedia of Postwar Japan (Daijiten sengoshi) 1945-1990
260 _aTokyo
_bSanseido Japan
_c1991
300 _a1150p.
_ccm.
490 _v RR
650 _aJL
942 _hk42, N1
_cTEXL
_2CC
999 _c1090442
_d1090442